000 01165cam a22003374a 4500
001 13619265
003 OSt
005 20140310181723.0
008 040608s2005 mau 000 0 eng
010 _a 2004013696
020 _a1591396352 (pbk.)
040 _aDLC
_cDLC
_dDLC
042 _apcc
050 0 0 _aHD 69
_b.T54R47 2005
082 0 0 _aIB 658.4
_bR31t 2005
245 0 4 _aThe results-driven manager :
_btaking control of your time /
246 3 0 _aTaking control of your time
260 _aBoston, Mass. :
_bHarvard Business School Press,
_c2005.
300 _aix, 154 p. ;
_c22 cm.
440 4 _aThe results-driven manager series
500 _a"A timesaving guide."
521 _bLexile
562 _eFor circulation. 1 copy in the collection
650 0 _aTime management.
710 2 _aHarvard Business School.
_bPress.
856 4 1 _3Table of contents
_uhttp://www.loc.gov/catdir/toc/ecip0418/2004013696.html
906 _a7
_bcbc
_corignew
_d1
_eecip
_f20
_gy-gencatlg
942 _2lcc
_cBK
999 _c2080
_d2080